Statistics for North Carolina High School Basketball: Top 47 Scorers

Click here to take the quiz!

General Stats

  • This quiz has been taken 7 times
  • The average score is 4 of 47

Answer Stats

#PlayerPointsHigh School & Last YearCurrent Team% Correct
1Coby White3,573Greenfield - 2018Chicago Bulls
71%
41Jerry Stackhouse2,039Kinston / Oak Hill - 1992Vanderbilt Commodores - (Head Coach)
57%
46Reggie Bullock2,001Kinston - 2010Dallas Mavericks
57%
8Donald Williams2,574Garner - 1991Retired in 2003
43%
2JamesOn Curry3,307Eastern Alamance - 2004Retired in 2014
43%
15Justin Johnson2,388Cherryville - 2008Retired
43%
29Jason Thompson2,104Chatham Central - 2004Retired
29%
36Phil Ford2,076Rocky Mount - 1974Retired in 1985
29%
T32Courtney Alexander2,095C.E. Jordan - 1995Retired in 2004
14%
19Lamont Robinson2,288Eastern Alamance - 2014Retired
14%
22Shavlik Randolph2,195Broughton - 2002Retired in 2019
14%
4Akeem Richmond2,846Southern Lee - 2009Retired in 2017
0%
24Anthony Oliver2,157North Duplin - 1988Retired in 1992
0%
20Brian Frazier2,285Roanoke Rapids - 1991Retired in 1992
0%
21Brian Hege2,203Ledford - 1992Retired in 1996
0%
25Brock Young2,154Broughton - 2007Retired in 2011
0%
11Chris King2,481Hobbton - 1988Retired in 2008
0%
5Cotton Clayton2,758Kittrell Zeb. Vance - 1959Died in 2022
0%
23Craig Dawson2,182Kinston - 1998Retired in 2002
0%
T32Darius McGhee2,095Roxboro Community - 2016Liberty Flames
0%
45Dewayne Grant2,007Davie County - 1977Retired
0%
44Donnie Seale2,015Morehead - 1989Retired in 1993
0%
34Donte Minter2,087West Rowan - 2002Retired in 2012
0%
27Ian Boyd2,128Apex - 2016Retired in 2021
0%
26James McCleave2,135Bandys - 1979Retired
0%
37Jay Moody2,071Blue Ridge - 1997Retired
0%
30Jenis Grindstaff2,102McDowell - 1997Retired in 2002
0%
47Jeremy Atkinson2,000Fike - 2010Retired in 2017
0%
42Joe Ladd2,035Lowell - 1955Retired in 1957
0%
31John Virgil2,100Elm City - 1976Retired in 1980
0%
6Josh King2,577Trinity - 2004Retired in 2006
0%
13Julius Powell2,424Newton-Conover - 2005Retired in 2008
0%
28Justin Strickland2,122East Davidson - 2006Retired
0%
43Kevin Strickland2,031North Surry - 1987Retired in 1997
0%
38Michael Ellis2,063South Iredell - 2004Retired in 2009
0%
10Mike Cottrell2,503Cullowhee - 1987Retired
0%
40Ray Respess2,042Pantego - 1961Retired in 1965
0%
35Russell Stephens2,082Williams Township - 1989Retired
0%
3Sage Surratt2,951East Lincoln / Lincolnton - 2017Birmingham Stallions - USFL
0%
12Scooter Sherrill2,469West Rowan - 2000Retired in 2007
0%
18Shon Coleman2,366West Iredell - 1996Retired in 2001
0%
16Sleepy Taylor2,382Bartlett Yancey - 1974Retired in 1978
0%
14Tashawn Mabry2,411Rocky Mount - 2010Retired in 2014
0%
9Terry Whisnant2,561Cherryville - 2011Retired in 2018
0%
17Tony Byers2,375Lincoln Academy / Bessemer City - 1970Retired in 1974
0%
39Trelonnie Owens2,059Bladenboro - 1990Retired in 2005
0%
7Vernon Odom2,575Bandys - 1982Retired in 1986
0%

Score Distribution

Percentile by Number Answered

Percent of People with Each Score

Your Score History

You have not taken this quiz